000 00905nam a22002775i 4500
001 176959
003 ES-MaACL
005 20230906220224.0
008 110221s2008 sp |||| | spa d
020 _a978-84-306-0758-7
080 _a338.2(100):504.12
080 _a620.95
100 1 _aFresco, Louise O.
_9145298
245 1 0 _aBiomasa, alimentos y sostenibilidad :
_b¿existe un dilema? /
_cLouis O. Fresco ; con la participación de Daan Dijk y Wouter de Ridder.
260 _aMadrid :
_bTaurus,
_c[2008]
300 _a119 p. ;
_c19 cm.
490 1 _aCambio climático
650 4 _aAlimentos-
_xAbastecimiento.
_99731
650 4 _aDesarrollo sostenible.
_911817
650 4 _aEnergía de la biomasa.
_9145301
700 1 _aDijk, Daan.
_9145299
700 1 _aRidder, Wouter de.
_9145300
830 1 _aCambio climático
_9224115
852 4 _aES-MaACL
_jE-14381
999 _c176959
_d176959